000 00344nam a2200157Ia 4500
008 230711s9999||||xx |||||||||||||| ||und||
041 _aENG
082 _a800
_bPA-R
100 _aPatcenkand Ninan
245 0 _aRajasthan
250 _a1st
260 _c1988
_aNew Delhi
_bLaster Pvt Ltd
300 _a96
650 _aLiterature
942 _cBK
999 _c1654
_d1654